| 000 | 00485nam a22001697a 4500 | ||
|---|---|---|---|
| 003 | BD-ChCU | ||
| 005 | 20260514124012.0 | ||
| 008 | 260514b bg ||||| |||| 00| 0 ben d | ||
| 040 | _cBD-ChCU | ||
| 082 | _a330.95 ULA | ||
| 100 |
_aUlyanovsky , R. _923036 |
||
| 245 |
_aAsian dilemma : a Soviet view and Myrdal's concept ./ _cR. Ulyanovsky . |
||
| 260 |
_aMoscow : _bProgress pub , _cC 1973 |
||
| 300 | _a169p. | ||
| 650 | 0 |
_aAsia - Economic Conditions _923042 |
|
| 942 |
_2ddc _cBK _n0 |
||
| 999 |
_c113001 _d113001 |
||